000 00546nam a2200217Ia 4500
003 OSt
005 20220928144054.0
006 a|||||r|||| 00| 0
007 ta
008 220927b |||||||| |||| 00| 0 eng d
024 _a24062
037 _cTextual
040 _aSDCL
_cSDCL
_beng
041 _2eng
_aeng
082 _aQ1:332, L8
100 _aShastri Kapil Dev
_9414474
245 0 _aVaidika rsi
_b Eka parisilana.
260 _c1978
942 _hQ1:332, L8
_cTEXL
_2CC
999 _c825987
_d825987